| 000 | 03014cam a22001934a 4500 | ||
|---|---|---|---|
| 005 | 20250605164222.0 | ||
| 008 | 250528s ||||||||||||||||||||||||d | ||
| 035 | _a20697 | ||
| 020 | _a9607105125 | ||
| 040 |
_aGR-AtMCL _bgre _dGR-AtMCL _eAACR2 |
||
| 245 | 1 | _aΗ Ερμηνεία των Ονείρων | |
| 260 |
_bΕπίκουρος, _c1993 |
||
| 300 | _a624 | ||
| 520 | _aΤο βιβλίο δεν είναι βέβαια λαϊκός ονειροκρίτης αλλά η via regia, η βασιλική οδός, που οδηγεί κατ'ευθείαν στο ασυνείδητο, σε εκείνη τη γεμάτη από ανικανοποίητα πάθη και απωθημένες σκέψεις και επιθυμίες σκοτεινή περιοχή της ψυχής του ανθρώπου, που ο Φρόϋντ έταξε σκοπό της ζωής του να εξερευνήσει με την τόλμη του πρωτοπόρου εξερευνητή και να την φωτίσει με τα μέσα και τις μεθόδους του μεγάλου επιστήμονα. Πρόλογοι, Η Επιστημονική Βιβλιογραφία για την Προβληματική του Ονείρου, Η Σχέση του Ονείρου προς την Άγρυπνη Ζωή, Το Υλικό του Ονείρου - Η Μνήμη στο Όνειρο, Ερεθίσματα και Πηγές του Ονείρου, Γιατί Μετά το Ξύπνημα Ξεχνούμε το Όνειρο, Οι Ψυχολογικές Ιδιαιτερότητες του Ονείρου, Τα Ηθικά Συναισθήματα στο Όνειρο, Οι Θεωρίες του Ονείρου και η Λειτουργία του Ονείρου, Σχέσεις μεταξύ Ονείρου και Πνευματικών Διαταραχών, Η Μέθοδος της Ερμηνείας των Ονείρων - Η Ανάλυση Ενός Υποδείγματος Ονείρου, Το Όνειρο είναι Εκπλήρωση μιας Επιθυμίας, Η Παραμόρφωση του Ονείρου, Το Υλικό και οι Πηγές του Ονείρου, Το Πρόσφατο και το Αδιάφορο στο Όνειρο, Η Παιδική Ηλικία ως Πηγή των Ονείρων, Οι Σωματικές Πηγές του Ονείρου, Χαρακτηριστικά Όνειρα, Η Εργασία του Ονείρου, Η Εργασία της Συμπύκνωσης, Η Εργασία της Μετάθεσης, Τα Παραστατικά Μέσα του Ονείρου, Η Μέριμνα για την Παραστατικότητα, Η Παράσταση Μέσω Συμβόλων στο Όνειρο, Τα Συναισθήματα στο Όνειρο, Η Ψυχολογία των Διεργασιών του Ονείρου, Βιβλιογραφίες | ||
| 700 | 1 |
_aΦρόϋντ Σίγκουντ _94129 |
|
| 942 | _cBK | ||
| 999 |
_c5783 _d5783 |
||